Central Library OPAC University of Rajshahi

تفسير إبن عباس ;; Tafsīr Ibn ʻAbbās : (Record no. 78031)

MARC details
000 -LEADER
fixed length control field 00920nam a22002415i 4500
001 - CONTROL NUMBER
control field 78031
003 - CONTROL NUMBER IDENTIFIER
rucl marc code BD-RjUL
005 - DATE AND TIME OF LATEST TRANSACTION
control field 20211209083059.0
008 - FIXED-LENGTH DATA ELEMENTS--GENERAL INFORMATION
fixed length control field 210308s2014 iq b 000 0 urd d
035 ## - SYSTEM CONTROL NUMBER
System control number (BD-RjUL)78257
040 ## - CATALOGING SOURCE
Original cataloging agency DLC
Language of cataloging eng
Description conventions rda
Transcribing agency DLC
041 ## - LANGUAGE CODE
Language code of text/sound track or separate title urd
082 ## - DEWEY DECIMAL CLASSIFICATION NUMBER
Edition number 23
Classification number 297.125
Author mark and year ABT 2014
245 10 - TITLE STATEMENT
Title تفسير إبن عباس ;; Tafsīr Ibn ʻAbbās :
Remainder of title مع لباب النقول في أسباب النزول ;; mae libab al naqul fi 'asbab al nzwl /
Statement of responsibility, etc. ; ترجمه أشرف علي تهانوي ; جلال الدين عبدالرحمن بن ابي بكر السيوطي
264 #1 - PRODUCTION, PUBLICATION, DISTRIBUTION, MANUFACTURE, AND COPYRIGHT NOTICE
Place of production, publication, distribution, manufacture karachi :
Name of producer, publisher, distributor, manufacturer Kalam kampani ,
Date of production, publication, distribution, manufacture, or copyright notice 2014.
300 ## - PHYSICAL DESCRIPTION
Pagination v. ;
Size 24 cm.
504 ## - BIBLIOGRAPHY, ETC. NOTE
Bibliography, etc Includes bibliographical references
505 ## - FORMATTED CONTENTS NOTE
Formatted contents note Vol.1. Fatiha to Tawba.--
600 ## - SUBJECT ADDED ENTRY--PERSONAL NAME
Personal name عبد الله بن عباس
650 ## - SUBJECT ADDED ENTRY--TOPICAL TERM
Topical term or geographic name as entry element Quran
Form subdivision Interpretation
9 (RLIN) 245681
752 ## - ADDED ENTRY--HIERARCHICAL PLACE NAME
Country or larger entity Iraq
City Baghdād.
942 ## - ADDED ENTRY ELEMENTS (KOHA)
Source of classification or shelving scheme Dewey Decimal Classification
Koha item type Books
Holdings
Lost status Source of classification or shelving scheme Damaged status Not for loan Collection code Permanent Location Current Location Shelving location Date acquired Source of acquisition Cost, normal purchase price Total Checkouts Full call number Date last seen Copy number Koha item type
  Dewey Decimal Classification   Not For Loan Non-fiction Central Library, University of Rajshahi Central Library, University of Rajshahi Reading Room 02/02/1970 London book shop ; Rawal pindi 13.50   U 297.125 ABT V-1 2014 08/03/2021 C-1 Books
  Dewey Decimal Classification   Not For Loan Non-fiction Central Library, University of Rajshahi Central Library, University of Rajshahi Reading Room 09/06/1970 Rawalpindi 13.50   U 297.125 ABT V-3 2014 28/09/2022 C-1 Books